Zmiany w zasadach odplatnosci za leki.

Sociálne zdôvodnenie zavedenia nových zásad platenia za lieky v Poľsku. Vládny návrh zavádza paušálny poplatok za lieky, ktorý autorka schvaľuje. Ekonomické zdôvodnenie zavedenia zmien zásad platenia za lieky.

Gespeichert in:
Bibliographische Detailangaben
1. Verfasser: Tymowska, K.
Format: Buchkapitel
Sprache:Polnisch
Schlagworte:
Tags: Tag hinzufügen
Keine Tags, Fügen Sie das erste Tag hinzu!

MARC

LEADER 00000naa a2200000 4500
001 r005608
005 20221125123102.2
041 0 |a pol 
044 |a PL 
245 1 0 |a Zmiany w zasadach odplatnosci za leki.  |c K. Tymowska 
520 |a Sociálne zdôvodnenie zavedenia nových zásad platenia za lieky v Poľsku. Vládny návrh zavádza paušálny poplatok za lieky, ktorý autorka schvaľuje. Ekonomické zdôvodnenie zavedenia zmien zásad platenia za lieky. 
610 2 0 |a liečivá 
610 2 0 |a poplatky 
610 2 0 |a PR 
610 2 0 |a ceny 
100 1 |a Tymowska, K.